1 z 10 (14/149) - Statystyki

Ogólne statystyki
  • Ten quiz został rozwiązany 13 razy
  • Średni wynik to 23 z 59
Statystyki odpowiedzi
Hint Odpowiedź % Poprawnych
Ile miesięcy w roku ma tylko 30 dni? 4
85%
Ile kategorii liczy skala Safira-Simpsona, którą mierzy się intensywność huraganów? 5
85%
Czy wykładnik potęgi może być ułamkiem? tak
85%
Czy sinus jest funkcją okresową? tak
85%
Ile było uchwalonych tak zwanych małych konstytucji po drugiej wojnie światowej? 2
77%
Ile ostatnich cyfr liczby wielocyfrowej wystarczy znać, żeby wiedzieć czy liczba jest podzielna przez cztery? 2
77%
Ile palców u nogi ma emu? 3
77%
Ile dni Chrystus pościł na pustyni? 40
77%
Jaka jest wartość pH roztworu wodnego, którego odczyn jest obojętny? 7
77%
Jaki kolor ma kawior ryb jesiotrowatych? czarny
77%
Zielenice. To jest świat flory czy fauny? flory
77%
Prawa Mendla dotyczą planet, genetyki czy obwodów elektrycznych? genetyki
77%
Która część szkieletu osłania rdzeń kręgowy i podtrzymuje ciało człowieka? kręgosłup
69%
Z którego języka pochodzi słowo szlagier? niemiecki
69%
W którym wieku miała miejsce pandemia grypy Hiszpańki? XX
69%
Hydrofonika czy hydroponika? To uprawa roślin w roztworach wodnych. hydroponika
62%
W której porze roku miała miejsce odsiecz wiedeńska Jana III Sobieskiego? lato
62%
W obszarze którego dolnośląskiego miasta stoi zamek Książ? Wałbrzych
62%
Która drużyna angielskiej ligi piłki nożnej rozgrywa swoje mecze w Londynie na stadionie o nazwie Stamford Bridge? Chelsea
54%
Jak nazywa się waluta w Turcji? lira
54%
Którą substancję wykorzystał Ewangelista Torricelli do konstrukcji barometru? rtęć
54%
Na której pustyni narrator opowieści "Mały książę" spotkał chłopca z innej planety? Sahara
54%
Opisywał w swoim dziele wizję "szklanych domów" Stefan Żeromski
54%
Mówiąc o napięciu między New Delhi i Islamabadem mamy na myśli konflikt których państw? Indie i Pakistan
46%
W którym mieście stoi Pomnik Powstańców Śląskich autorstwa Gustawa Zemły i Wojciecha Zabłockiego? Katowice
46%
W której stolicy zorganizowano pierwszą wystawę światową? Londyn
46%
Co w przysłowiu jest wybrukowane dobrymi chęciami? piekło
46%
W Zodiaku tylko dwa znaki występuje w liczbie mnogiej, które to? ryby i bliźnięta
46%
Ile lat po bitwie pod Grunwaldem po raz pierwszy wykonano rotę do słów Marii Konopnickiej? 500
38%
Granulocyty to rodzaj krwinek białych czy czerwonych? białe
38%
Jak nazywa się forma organizacji społeczeństwa, w którym dominują kobiety? matriarchat
38%
Na którym instrumencie gra dobosz? bęben
31%
Jak nazywa się specjalista, który zajmuje się ekspertyzą ręcznego pisma? grafolog
31%
Na której rzece wznosi się zapora Trzech Przełomów? Jangcy
31%
Jak nazywa się stowarzyszenie założone w Oksfordzie w 1946 roku zrzeszające ludzi o wysokim ilorazie inteligencji? Mensa
31%
Nad którą rzeką leży Łomża? Narew
31%
Pod jaką łacińską nazwą znany jest dokument, w którym Mieszko I oddaje swoje posiadłości pod opiekę papieża? Dagome iudex
23%
Jak miał na imię słynny malarz Wyczółkowski? Leon
23%
Jak nazywa się krzew rodzący orzechy laskowe? leszczyna
23%
Jaką nazwę nosi jeden z najstarszych rajdów samochodowych w Europie, organizowanych od 1911 roku? Monte Carlo
23%
Jakiej narodowości był Ernesto Guevara, zwany Czerny? Argentyńczyk
15%
Jak nazywa się górski masyw w Beskidach Zachodnich, którego najwyższym szczytem jest Turbacz? Gorce
15%
Skały ze względu na genezę dzieli się na trzy grupy. Są to skały magmowe, metamorficzne. A jak nazywa się ta trzecia grupa? osadowe
15%
Cyklamen to kolor różowy o odcieniu fioletowym czy żółty? różowy
15%
Billie Jean King Cup to międzynarodowy turniej reprezentacji narodowych kobiet. Która to dyscyplina sportu? tenis ziemny
15%
Ile razy jednostka kąta płaskiego- sekunda- jest mniejsza od jednego stopnia? 3600
8%
Który amerykański generał na pokładzie okrętu Missouri przyjął bezwarunkową kapitulację Japonii? Douglas MacArthur
8%
Podaj imię i nazwisko aktorki, która zadebiutowała rolą Natalii w filmie Juliusza Machulskiego "Vabank", a potem zagrała w jego serialu "Matki, Żony i Kochanki." Elżbieta Zającówna
8%
Jak ma na imię bohaterka ballady Adama Mickiewicza "Romantyczność"? Karusia
8%
Jaki tytuł arystokratyczny nosił minister spraw zagranicznych Francji od 1797 roku Charles de Talleyrand? książę
8%
Który maltański ptak jest tytułem powieści Dashiella Hammeta i filmu Johna Houstona? sokół
8%
Pod jakim pseudonimem znany był Stanisław Cichocki (Król kasiarzy)? Szpicbródka
8%
Jak brzmi tytuł filmu, który w 2025 roku zdobył Oscara dla najlepszego filmu i za najlepszą reżyserię? Anora
0%
Jak nazywa się ożaglowany pojazd, który porusza się po lodzie na trzech płozach? iceboat
0%
Kto jest autorem sentencji "Biedne Ludy cierpią za swych królów błędy?" Jean de La Bruyère
0%
Jak ma na imię starsza siostra Małej Mi z Muminków? Mimbla
0%
Jak nazywano białą niewolnicę w haremie sułtańskim w dawnej Turcji? odeliska
0%
Jak nazywamy przeniesienie utworu muzycznego do innej tonacji niż ta, w której został napisany? transpozycja
0%
Jaką nazwę nosi najjaśniejsza galaktyka nieba północnego? Wielka Mgławica Andromedy
0%
Nie znaleziono quizów pasujących do podanych kryteriów
Rozkład punktacji
Procent ludzi z każdym wynikiem
Percentyl według liczby udzielonych odpowiedzi
Twoja historia wyników
Nie rozwiązałeś tego quizu